| LEADER 01174nam 2200277 a 4500 |
| 001 12334104334 |
| 003 ULIB |
| 008 030417s2550 th a sb 001 0 tha |
| 020 ^a974-614-167-8
|
| 060 04 ^aWC100^bส747ร 2550
|
| 100 ^aมหาวิทยาลัยสุโขทัยธรรมาธิราช.สาขาวิชาวิทยาศาสตร์สุขภาพ
|
| 245 10 ^aโรคติดต่อและโรคไม่ติดต่อ หน่วยที่1-8=/^cมหาวิทยาลัยสุโขทัยธรรมาธิราช.สาขาวิชาวิทยาศาสตร์สุขภาพ
|
| 250 ^aพิมพ์ครั้งที่ 6
|
| 260 ^aนนทบุรี :^bสาขาวิชาวิทยาศาสตร์สุขภาพ,^c2550
|
| 300 ^a493 หน้า
|
| 650 7 ^aโรคติดต่อ
|
| 650 7 ^aโรค
|
| 710 2 ^aมหาวิทยาลัยสุโขทัยธรรมาธิราช.^bสาขาวิชาวิทยาศาสตร์สุขภาพ
|
| 913 ^aImported by ULIBM Administrator
|
| 949 ^aImport form external file by ULIBM system
|
| 999 ^aอรทัย
|